| 000 | 01198nas a2200361 4500 | ||
|---|---|---|---|
| 001 | BR0404269 | ||
| 003 | BR-BrBNA | ||
| 005 | 20231205104804.0 | ||
| 007 | ta | ||
| 008 | 230509b bl.|||p| |||| 00| 00por d | ||
| 040 |
_aBR-BrBNA _bpor _cBiblioteca Nacional de Agricultura |
||
| 041 | _a(En) | ||
| 072 | _aL02; L01; L53 | ||
| 100 | 1 | _aFonseca, L.F.L. da | |
| 100 | 1 | _aRodrigues, P.H.M. | |
| 100 | 1 | _aSantos, M.V. dos | |
| 100 | 1 | _aLima, A.P. | |
| 100 | 1 | _aLucci, C. de S. | |
| 245 | 1 | _aSupplementation of dairy cows with propylene glycol during the periparturient period: effects on body condition score, milk yield, first estrus post-partum, Beta-hydroxybutyrate, non-esterified fatty acids and glucose concentrations | |
| 650 | _aVACA LEITEIRA | ||
| 650 | _aSUPLEMENTO ALIMENTAR | ||
| 650 | _aLACTAÇÃO | ||
| 650 | _aCONDIÇÃO CORPORAL | ||
| 650 | _aPRODUÇÃO LEITEIRA | ||
| 650 | _aÁCIDO GRAXO | ||
| 650 | _aGLICOSE | ||
| 650 | _aTRATAMENTO | ||
| 650 | _aCICLO ESTRAL | ||
| 650 | _aPARTO | ||
| 773 | 0 |
_tCiência Rural (Brazil) _xISSN 0103-8478 _g(May-Jun 2004), v. 34(3) p. 897-903 _wBR0404269 |
|
| 909 |
_a202311 _bLúcia _c55 _dLúcia Elande |
||
| 942 |
_2AGRIS _n0 _cANA |
||
| 999 |
_c179693 _d179693 |
||